000 00601nam a2200169Ia 4500
003 GCL
008 140319s9999 xx 000 0 ara d
040 _aGCL /
_cGCL
082 0 4 _a301.01
_bم م
100 1 _aمحمد على محمد
245 1 0 _aالمفكرون الاجتماعيون : قراءة معاصرة لاعمال خمسة من اعملام علم الاجتماع الغرب /
_cمحمد على محمد
490 _a
650 0 4 _aنظريات علم الاجتماع
650 0 4 _aالاجتماع، علم
650 0 4 _aالمفكرون الاجتماعيون
942 _2ddc
_cBK
999 _c49412
_d49412